[Event "POL-ch Rapid U18"]
[Site "Bydgoszcz"]
[Date "2023.08.30"]
[Round "10"]
[White "Niesporek, Franciszek"]
[Black "Sawicki, Dorian"]
[Result "1/2-1/2"]
[WhiteElo "1682"]
[BlackElo "1850"]
[PlyCount "83"]
[EventDate "2023.08.28"]
[EventType "swiss"]
[EventRounds "11"]
[EventCountry "POL"]
[SourceTitle "EXT 2024"]
[Source "ChessBase"]
[SourceDate "2023.10.10"]
[SourceVersion "1"]
[SourceVersionDate "2023.10.10"]
[SourceQuality "1"]

1. e4 c5 2. c3 e6 3. Nf3 Nc6 4. d4 cxd4 5. cxd4 d5 6. exd5 exd5 7. Nc3 Nf6 8. Be2 h6 9. Bf4 Bd6 10. Bxd6 Qxd6 11. 0-0 0-0 12. Re1 Bf5 13. Bd3 Bg4 14. Be2 a6 15. h3 Bh5 16. Ne5 Bxe2 17. Rxe2 Rfe8 18. Nxc6 Rxe2 19. Nxe2 Qxc6 20. Rc1 Qb5 21. Qc2 Re8 22. Nc3 Qb4 23. a3 Qxd4 24. Rd1 Qe5 25. Qd2 Rd8 26. Re1 Qd6 27. Qd4 Qc6 28. Rd1 Rd7 29. b3 Qd6 30. a4 Re7 31. g3 Rd7 32. Rd2 Qa3 33. b4 Qb3 34. Qc5 Qc4 35. Rxd5 Qxc5 36. Rxc5 Kf8 37. b5 axb5 38. Rxb5 Ke7 39. Kg2 Kd6 40. Kf3 Kc6 41. Ke3 Rd8 42. Re5 1/2-1/2

[Event "POL-ch Rapid U18"]
[Site "Bydgoszcz"]
[Date "2023.08.30"]
[Round "11"]
[White "Sawicki, Dorian"]
[Black "Lecki, Leonard"]
[Result "1-0"]
[WhiteElo "1850"]
[BlackElo "1747"]
[PlyCount "97"]
[EventDate "2023.08.28"]
[EventType "swiss"]
[EventRounds "11"]
[EventCountry "POL"]
[SourceTitle "EXT 2024"]
[Source "ChessBase"]
[SourceDate "2023.10.10"]
[SourceVersion "1"]
[SourceVersionDate "2023.10.10"]
[SourceQuality "1"]

1. d4 Nf6 2. Nf3 c5 3. e3 d5 4. c4 e6 5. Nc3 Be7 6. cxd5 exd5 7. Bd3 0-0 8. 0-0 Nc6 9. h3 Be6 10. Bd2 Rc8 11. Rc1 cxd4 12. exd4 Na5 13. b3 Nc6 14. Na4 Ne4 15. Nc5 Nxc5 16. dxc5 Bf6 17. Bf4 Qa5 18. Bd6 Rfe8 19. Bb1 Be7 20. Bxe7 Nxe7 21. Ng5 h6 22. Nxe6 fxe6 23. Qg4 Rc6 24. b4 Qa3 25. Rce1 Qa6 26. Re3 Qc4 27. Qxc4 dxc4 28. Be4 Rc7 29. Rc1 Rd8 30. Rxc4 Rd1+ 31. Kh2 Kf7 32. Rf3+ Ke8 33. Bc2 Ra1 34. Ba4+ Nc6 35. b5 Ne5 36. b6+ Rd7 37. Bxd7+ Kxd7 38. Rd4+ Kc6 39. Re3 Kxc5 40. Ra4 Nc4 41. bxa7 Nb6 42. Rxe6 Na8 43. Re8 b5 44. Rxa8 bxa4 45. Rc8+ Kb4 46. a8Q Rb1 47. Rb8+ Ka3 48. Rxb1 g5 49. Qb7 1-0

[Event "Marijampole Buzas Memorial"]
[Site "Marijampole"]
[Date "2023.08.26"]
[Round "5"]
[White "Vardanyan, Aras"]
[Black "Sawicki, Dorian"]
[Result "1-0"]
[WhiteElo "2275"]
[BlackElo "1850"]
[PlyCount "95"]
[EventDate "2023.08.26"]
[EventType "swiss (rapid)"]
[EventRounds "9"]
[EventCountry "LTU"]
[SourceTitle "EXT 2024"]
[Source "ChessBase"]
[SourceDate "2023.10.10"]
[SourceVersion "1"]
[SourceVersionDate "2023.10.10"]
[SourceQuality "1"]

1. c4 Nf6 2. Nc3 e6 3. e4 d6 4. d4 Nbd7 5. Nf3 c5 6. d5 e5 7. Bd3 g6 8. a3 Bg7 9. b4 b6 10. 0-0 0-0 11. Rb1 Nh5 12. Re1 Nf4 13. Bf1 Qe7 14. Be3 Kh8 15. Nd2 Nf6 16. f3 N6h5 17. bxc5 bxc5 18. Qa4 Qg5 19. Rb2 Qh4 20. Bf2 Qg5 21. Kh1 Qe7 22. Qc6 Bd7 23. Rb7 Nf6 24. Nb5 Bxc6 25. Rxe7 Bxb5 26. cxb5 Rfd8 27. Rxf7 Nd7 28. Bh4 Kg8 29. Rxg7+ Kxg7 30. Bxd8 Rxd8 31. a4 Nh5 32. a5 Nhf6 33. Nc4 Ne8 34. Rb1 Rb8 35. g3 Kf7 36. Bh3 Ke7 37. Bxd7 Kxd7 38. Kg2 Nc7 39. b6 axb6 40. axb6 Ne8 41. Ra1 Rb7 42. f4 exf4 43. gxf4 Nf6 44. Kf3 Ng8 45. e5 dxe5 46. fxe5 Ne7 47. e6+ Kc8 48. Ke4 1-0

[Event "POL-ch blitz"]
[Site "Suwalki"]
[Date "2022.09.24"]
[Round "3"]
[White "Sawicki, Dorian"]
[Black "Zochowski, Kacper"]
[Result "0-1"]
[WhiteElo "1469"]
[BlackElo "2257"]
[PlyCount "126"]
[EventDate "2022.09.24"]
[EventType "swiss (blitz)"]
[EventRounds "15"]
[EventCountry "POL"]
[SourceTitle "CBM 210 Extra"]
[Source "ChessBase"]
[SourceDate "2022.11.30"]
[SourceVersion "1"]
[SourceVersionDate "2022.11.30"]
[SourceQuality "1"]

1. d4 d6 2. c4 Nd7 3. Nc3 Ngf6 4. Nf3 e5 5. e3 Be7 6. Be2 0-0 7. 0-0 c6 8. b3 Qc7 9. Bb2 Re8 10. Qc2 Bf8 11. Rac1 a6 12. Rfd1 b6 13. d5 c5 14. Bd3 g6 15. h3 Bg7 16. Rf1 Nf8 17. Rce1 Nh5 18. g4 Nf6 19. e4 h6 20. Bc1 N6h7 21. Ne2 Qd8 22. Ng3 Bd7 23. a4 Rb8 24. Qe2 Ng5 25. Nxg5 hxg5 26. Qe3 Bf6 27. Qe2 Kg7 28. Kg2 Qc7 29. Be3 Qb7 30. Qd2 Nh7 31. Rb1 Qc7 32. Rfc1 Be7 33. Ne2 Rh8 34. Ng1 f6 35. Ne2 Nf8 36. Rh1 Be8 37. Ng3 Nd7 38. Ne2 Rh7 39. f3 Bf7 40. Ng3 Rbh8 41. Qf2 Rb8 42. Qe2 Rhh8 43. Rhg1 Nf8 44. Rh1 Be8 45. Nf1 Bd7 46. Nd2 Qd8 47. Ra1 Qe8 48. Nb1 b5 49. Nc3 bxa4 50. bxa4 Rb4 51. Bd2 Qb8 52. a5 Nh7 53. Rhb1 Rc8 54. Na2 Rb2 55. Qd1 Rc7 56. Qc1 Rcb7 57. Rxb2 Rxb2 58. Rb1 Rxb1 59. Qxb1 Qe8 60. Qb6 Bc8 61. Bc2 Qd7 62. Ba4 Qxa4 63. Qc7 Qd7 0-1

[Event "POL-ch U13 Qual"]
[Site "Jastrzebia Gora"]
[Date "2021.11.19"]
[Round "7"]
[White "Sawicki, Dorian"]
[Black "Nagly, Wojciech"]
[Result "1/2-1/2"]
[WhiteElo "1550"]
[BlackElo "1432"]
[PlyCount "72"]
[EventDate "2021.11.15"]
[EventType "swiss"]
[EventRounds "9"]
[EventCountry "POL"]
[SourceTitle "EXT 2023"]
[Source "ChessBase"]
[SourceDate "2022.10.05"]
[SourceVersion "1"]
[SourceVersionDate "2022.10.05"]
[SourceQuality "1"]

1. d4 c5 2. e3 cxd4 3. exd4 d5 4. Nf3 Nf6 5. Bd3 Bg4 6. h3 Bh5 7. 0-0 Nc6 8. c3 e6 9. Bf4 Bd6 10. Bxd6 Qxd6 11. Nbd2 0-0 12. Re1 Rfe8 13. Qb3 a6 14. Ne5 Qc7 15. f4 Bg6 16. Bxg6 hxg6 17. Rf1 Na5 18. Qc2 Nc4 19. Ndxc4 dxc4 20. g4 Nd7 21. Rae1 Rad8 22. Re3 Nxe5 23. fxe5 Qe7 24. Qf2 Rf8 25. Qg3 f5 26. exf6 gxf6 27. Rfe1 Rd6 28. Qg2 Re8 29. Kh1 Kf7 30. g5 f5 31. Re5 b5 32. Qg3 Qb7+ 33. Kg1 Qe7 34. Kf1 Qd7 35. Qh4 Rg8 36. Kf2 b4 1/2-1/2

[Event "POL-ch U13 Qual"]
[Site "Jastrzebia Gora"]
[Date "2021.11.16"]
[Round "3"]
[White "Sawicki, Dorian"]
[Black "Przedlacki, Wiktor"]
[Result "1-0"]
[WhiteElo "1550"]
[BlackElo "1176"]
[PlyCount "93"]
[EventDate "2021.11.15"]
[EventType "swiss"]
[EventRounds "9"]
[EventCountry "POL"]
[SourceTitle "EXT 2023"]
[Source "ChessBase"]
[SourceDate "2022.10.05"]
[SourceVersion "1"]
[SourceVersionDate "2022.10.05"]
[SourceQuality "1"]

1. d4 Nf6 2. c4 e6 3. Nc3 Bb4 4. Bd2 c5 5. a3 Bxc3 6. Bxc3 cxd4 7. Bxd4 0-0 8. e3 Nc6 9. Bc3 d5 10. Nf3 a6 11. a4 Ne4 12. Qc2 Nxc3 13. Qxc3 Qe7 14. Be2 Rd8 15. 0-0 a5 16. Rfd1 Nb4 17. Nd4 Bd7 18. Nc2 Nxc2 19. Qxc2 Bc6 20. b3 dxc4 21. Bxc4 Rxd1+ 22. Rxd1 Rd8 23. f3 Rxd1+ 24. Qxd1 Qd7 25. Qc2 h6 26. Kf2 Bd5 27. Qd2 Qc6 28. Bxd5 Qxd5 29. Qc2 Qc6 30. Qxc6 bxc6 31. Ke2 Kf8 32. Kd3 Ke7 33. Kc4 Kd6 34. b4 axb4 35. Kxb4 Kc7 36. Kc5 Kb7 37. a5 e5 38. a6+ Kxa6 39. Kxc6 f6 40. Kd6 Kb5 41. Ke7 Kc4 42. Kf7 e4 43. fxe4 Kd3 44. Kxg7 Kxe4 45. Kxh6 Kxe3 46. Kg6 Kf2 47. h4 1-0